[Event "11. Europa ch 2010 Femenino"]
[Site "Rijeka CRO"]
[Date "2010.03.16"]
[Round "10.52"]
[White "Djukic, Sandra"]
[Black "Kadziolka, Beata"]
[Result "0-1"]
[WhiteElo "2214"]
[BlackElo "2311"]
[PlyCount "106"]
[EventDate "2010.03.06"]
[EventType "swiss"]
[EventRounds "11"]
[EventCountry "CRO"]
[Source "lmi"]
[SourceDate "2010.03.06"]

1. d4 g6 2. c4 Bg7 3. Nc3 c5 4. d5 Bxc3+ 5. bxc3 f5 6. h3 d6 7. Nf3 Qa5 8. Qc2
Nf6 9. Bh6 Nbd7 10. e3 Nb6 11. Bd3 Bd7 12. a4 O-O-O 13. O-O Rhg8 14. Ng5 Rde8
15. Rfb1 Na8 16. f3 e5 17. dxe6 Bc6 18. Ra3 Nc7 19. e4 fxe4 20. Nxe4 Rxe6 21.
Nxf6 Rxf6 22. Be4 Qa6 23. Rab3 Bxa4 24. Qb2 Bxb3 25. Qxb3 d5 26. cxd5 Rb6 27.
Qc2 Rxb1+ 28. Qxb1 Rd8 29. c4 Qxc4 30. d6 Nb5 31. Bf4 Rd7 32. Kh2 a5 33. Qa1
Qc3 34. Qa2 c4 35. Qf2 Qd4 36. Qa2 b6 37. Bg3 Rxd6 38. Qa4 Qc5 39. Qa1 Rd4 40.
Bf2 Qd6+ 41. Bg3 Qa3 42. Qe1 Qb4 43. Qe3 Qd2 44. Qg1 c3 45. Qf1 Nc7 46. Be5 Qd1
47. Qf2 Rxe4 48. fxe4 c2 49. Qf8+ Kb7 50. Bxc7 c1=Q 51. Qb8+ Kc6 52. Qxb6+ Kd7
53. Qb5+ Qc6 0-1

[Event "11. Europa ch 2010 Femenino"]
[Site "Rijeka CRO"]
[Date "2010.03.16"]
[Round "10.54"]
[White "Partac, Elena"]
[Black "Semenova, Irina"]
[Result "0-1"]
[WhiteElo "2172"]
[BlackElo "2272"]
[PlyCount "136"]
[EventDate "2010.03.06"]
[EventType "swiss"]
[EventRounds "11"]
[EventCountry "CRO"]
[Source "lmi"]
[SourceDate "2010.03.06"]

1. e4 e5 2. Nf3 Nc6 3. Bb5 a6 4. Ba4 d6 5. c3 g6 6. d4 Bd7 7. O-O Bg7 8. dxe5
Nxe5 9. Nxe5 dxe5 10. Bxd7+ Qxd7 11. Qxd7+ Kxd7 12. f4 exf4 13. Bxf4 Re8 14.
Nd2 f6 15. Rae1 Nh6 16. Nb3 Nf7 17. Rd1+ Kc8 18. Rfe1 Re7 19. Nc5 Rhe8 20. Bg3
a5 21. Nb3 b6 22. Nd2 Rd7 23. Bf4 Ne5 24. Bxe5 Rxe5 25. Kf2 Bh6 26. Re2 Bxd2
27. Rdxd2 Rxd2 28. Rxd2 Rxe4 29. Rd3 Re7 30. Rh3 Kd8 31. Rf3 f5 32. h3 Ke8 33.
Rd3 Rd7 34. Re3+ Kf7 35. Re2 Kf6 36. g3 h6 37. Kg2 g5 38. Rf2 Rd3 39. Kh2 a4
40. a3 b5 41. Kg2 Re3 42. Rd2 c6 43. Kf2 f4 44. gxf4 gxf4 45. Rd6+ Re6 46. Rd8
Kg5 47. Rg8+ Rg6 48. Rf8 Rf6 49. Rg8+ Kh4 50. Rg4+ Kxh3 51. Kf3 h5 52. Rg1 Kh4
53. Rg8 Rd6 54. Rg2 Kh3 55. Re2 h4 56. Kxf4 Rg6 57. Ke5 Rg2 58. Re4 Rxb2 59.
Kd6 Kg3 60. Kxc6 h3 61. Re3+ Kg2 62. Re8 Rb3 63. Rg8+ Kh2 64. Kc5 Rxc3+ 65.
Kxb5 Rxa3 66. Kb4 Rg3 67. Rd8 a3 68. Rd1 a2 0-1

[Event "11. Europa ch 2010 Femenino"]
[Site "Rijeka CRO"]
[Date "2010.03.16"]
[Round "10.55"]
[White "Mamedjarova, Turkan"]
[Black "Bogumil, Tatiana"]
[Result "1-0"]
[WhiteElo "2269"]
[BlackElo "2201"]
[PlyCount "107"]
[EventDate "2010.03.06"]
[EventType "swiss"]
[EventRounds "11"]
[EventCountry "CRO"]
[Source "lmi"]
[SourceDate "2010.03.06"]

1. e4 e5 2. Nf3 Nc6 3. Bb5 a6 4. Ba4 Nf6 5. O-O Be7 6. d4 exd4 7. e5 Ne4 8.
Nxd4 Nxd4 9. Qxd4 Nc5 10. Bb3 Nxb3 11. axb3 O-O 12. Nc3 d6 13. Nd5 dxe5 14.
Qxe5 Bd6 15. Qh5 Be6 16. Nf4 Qf6 17. Nxe6 Qxe6 18. Ra4 Rfe8 19. Rg4 g6 20. Qh4
Be7 21. Qg3 Bf6 22. h4 Be5 23. Qf3 h5 24. Rc4 c6 25. g3 Bg7 26. Bg5 Rac8 27.
Rd1 Rc7 28. Qd3 Bf6 29. Bf4 Rce7 30. Qf3 Qe2 31. Qxe2 Rxe2 32. Be3 Re6 33. Kf1
R2xe3 34. fxe3 Rxe3 35. Kf2 Re7 36. Kf3 Be5 37. Re4 f6 38. c3 Kf7 39. Rd8 Ke6
40. Re2 c5 41. Red2 Rc7 42. Rg8 Kf5 43. Kg2 g5 44. hxg5 fxg5 45. Re8 Bf6 46.
Rf8 Rc6 47. Rf2+ Kg6 48. Rg8+ Bg7 49. Rd2 Rc7 50. Rgd8 b5 51. R8d6+ Kf5 52.
Rf2+ Ke4 53. Re6+ Kd3 54. Rfe2 1-0

[Event "11. Europa ch 2010 Femenino"]
[Site "Rijeka CRO"]
[Date "2010.03.16"]
[Round "10.56"]
[White "Nemcova, Katerina"]
[Black "Solic, Kristina"]
[Result "0-1"]
[WhiteElo "2264"]
[BlackElo "2192"]
[PlyCount "84"]
[EventDate "2010.03.06"]
[EventType "swiss"]
[EventRounds "11"]
[EventCountry "CRO"]
[Source "lmi"]
[SourceDate "2010.03.06"]

1. e4 c5 2. Nf3 Nc6 3. d4 cxd4 4. Nxd4 Qb6 5. Nb3 Nf6 6. Nc3 e6 7. Bd3 a6 8.
O-O Qc7 9. a4 b6 10. Qe2 Be7 11. f4 d6 12. Be3 O-O 13. g4 Nd7 14. g5 Nb4 15. f5
exf5 16. exf5 Nxd3 17. cxd3 Bb7 18. Ne4 d5 19. Ng3 Bd6 20. Qf2 Ne5 21. Bxb6 Qb8
22. Qe2 Re8 23. Qd1 Nc4 24. Bf2 Ne3 25. Qh5 g6 26. Qh4 Nxf1 27. Rxf1 Bc8 28.
Nd4 Qxb2 29. Qh6 Bf8 30. Qh4 Bd7 31. Qf4 Qb8 32. Qf3 Qd6 33. a5 Rab8 34. Nge2
Rb2 35. Bg3 Qe7 36. fxg6 hxg6 37. Qxd5 Bh3 38. Re1 Qc5 39. Nf4 Rxe1+ 40. Bxe1
Qxd5 41. Nxd5 Bc5 42. Bc3 Rc2 0-1

[Event "11. Europa ch 2010 Femenino"]
[Site "Rijeka CRO"]
[Date "2010.03.16"]
[Round "10.57"]
[White "Berke, Ana"]
[Black "Toma, Katarzyna"]
[Result "0-1"]
[WhiteElo "2097"]
[BlackElo "2259"]
[PlyCount "92"]
[EventDate "2010.03.06"]
[EventType "swiss"]
[EventRounds "11"]
[EventCountry "CRO"]
[Source "lmi"]
[SourceDate "2010.03.06"]

1. e4 c5 2. Nf3 Nc6 3. Bb5 e6 4. O-O Nge7 5. c3 a6 6. Ba4 b5 7. Bc2 Bb7 8. Qe2
Ng6 9. d4 cxd4 10. cxd4 Be7 11. Nc3 O-O 12. a3 Rc8 13. Be3 Na5 14. Rad1 Nc4 15.
Bc1 Nxa3 16. bxa3 Rxc3 17. Bb2 Rc8 18. d5 exd5 19. e5 d6 20. e6 Nf4 21. exf7+
Rxf7 22. Qd2 Nxg2 23. Nd4 Nf4 24. Bf5 Bg5 25. Kh1 Rc4 26. Rde1 Bc8 27. Bb1 Qf8
28. f3 Bh4 29. Re3 Ng6 30. Qd3 Bg5 31. Ne6 Bxe6 32. Rxe6 Rh4 33. Qxd5 Bf4 34.
Re2 Kh8 35. Bxg6 hxg6 36. Rfe1 Kh7 37. Re8 Rf5 38. Qa8 Rxh2+ 39. Kg1 Rg5+ 40.
Kf1 Rh1+ 41. Kf2 Bg3+ 42. Kg2 Rh2+ 43. Kf1 Rf2+ 44. Kg1 Bh4+ 45. Kh1 Rxf3 46.
Be5 dxe5 0-1

[Event "11. Europa ch 2010 Femenino"]
[Site "Rijeka CRO"]
[Date "2010.03.16"]
[Round "10.58"]
[White "Videnova, Iva"]
[Black "Kouvatsou, Maria"]
[Result "1-0"]
[WhiteElo "2258"]
[BlackElo "2161"]
[PlyCount "78"]
[EventDate "2010.03.06"]
[EventType "swiss"]
[EventRounds "11"]
[EventCountry "CRO"]
[Source "lmi"]
[SourceDate "2010.03.06"]

1. e4 e5 2. Nf3 Nc6 3. Bb5 a6 4. Ba4 Nf6 5. O-O Be7 6. Re1 b5 7. Bb3 d6 8. c3
O-O 9. h3 Nb8 10. d4 Nbd7 11. Nbd2 Bb7 12. Bc2 Re8 13. Nf1 Bf8 14. Ng3 c5 15.
d5 g6 16. a4 c4 17. Bg5 h6 18. Be3 Qc7 19. Qd2 Kh7 20. Rf1 Bg7 21. Nh4 Nc5 22.
f3 bxa4 23. Bxa4 Reb8 24. Bc2 Bc8 25. Ra2 Rb7 26. f4 exf4 27. Bxf4 Qe7 28. e5
dxe5 29. d6 Qe8 30. Be3 Qb5 31. Qf2 Nd3 32. Qf3 Rab8 33. Bxh6 Bxh6 34. Qxf6
Qc5+ 35. Kh1 Qe3 36. d7 Qxg3 37. d8=Q Bg7 38. Qf3 Qxf3 39. Nxf3 Bxh3 1-0

[Event "11. Europa ch 2010 Femenino"]
[Site "Rijeka CRO"]
[Date "2010.03.16"]
[Round "10.60"]
[White "Sargac, Rajna"]
[Black "Kachiani Gersinska, Ketino"]
[Result "1/2-1/2"]
[WhiteElo "2157"]
[BlackElo "2346"]
[PlyCount "34"]
[EventDate "2010.03.06"]
[EventType "swiss"]
[EventRounds "11"]
[EventCountry "CRO"]
[Source "lmi"]
[SourceDate "2010.03.06"]

1. d4 Nf6 2. e3 g6 3. f4 Bg7 4. Nf3 O-O 5. Bd3 d6 6. O-O c5 7. c3 Nc6 8. Qe2 e5
9. dxe5 dxe5 10. e4 exf4 11. Bxf4 Nh5 12. Be3 Bg4 13. Bc4 Qe7 14. Qf2 b6 15.
Bd5 Rac8 16. Nbd2 Ne5 17. Nxe5 Bxe5 1/2-1/2

[Event "11. Europa ch 2010 Femenino"]
[Site "Rijeka CRO"]
[Date "2010.03.16"]
[Round "10.61"]
[White "Cherednichenko, Svetlana"]
[Black "Fuchs, Judith"]
[Result "1/2-1/2"]
[WhiteElo "2337"]
[BlackElo "2222"]
[PlyCount "64"]
[EventDate "2010.03.06"]
[EventType "swiss"]
[EventRounds "11"]
[EventCountry "CRO"]
[Source "lmi"]
[SourceDate "2010.03.06"]

1. d4 Nf6 2. Nf3 e6 3. e3 b6 4. Bd3 Bb7 5. O-O d5 6. b3 Nbd7 7. Bb2 Be7 8. Ne5
c5 9. Nd2 O-O 10. f4 Ne4 11. Rf3 f5 12. Rh3 Nxe5 13. fxe5 Qe8 14. Qe2 Ng5 15.
Rg3 Ne4 16. Bxe4 dxe4 17. Rf1 Kh8 18. Rh3 h6 19. Rd1 Kh7 20. Nf1 Rd8 21. c4 g5
22. g4 cxd4 23. exd4 f4 24. Nd2 Qg6 25. Bc3 f3 26. Qe3 Rf4 27. Rg3 h5 28. gxh5
Qxh5 29. Rf1 Rdf8 30. Rf2 g4 31. Nf1 Bg5 32. Bd2 R4f5 1/2-1/2

[Event "11. Europa ch 2010 Femenino"]
[Site "Rijeka CRO"]
[Date "2010.03.16"]
[Round "10.62"]
[White "Zimina, Olga"]
[Black "Boyarchenko, Marie"]
[Result "1-0"]
[WhiteElo "2319"]
[BlackElo "2009"]
[PlyCount "53"]
[EventDate "2010.03.06"]
[EventType "swiss"]
[EventRounds "11"]
[EventCountry "CRO"]
[Source "lmi"]
[SourceDate "2010.03.06"]

1. e4 c5 2. Nf3 d6 3. d4 cxd4 4. Qxd4 a6 5. c4 Nc6 6. Qe3 g6 7. Be2 Bg7 8. h3
Nf6 9. O-O O-O 10. Nc3 Nd7 11. Rb1 Nde5 12. Rd1 Nxf3+ 13. Bxf3 Qa5 14. Bd2 Bd4
15. Qe2 Qe5 16. Nd5 g5 17. Be3 Rb8 18. Nxe7+ Qxe7 19. Bxd4 Nxd4 20. Rxd4 Be6
21. Rbd1 Rbc8 22. Bg4 Rfd8 23. Bxe6 Qxe6 24. Rd5 Qe7 25. b3 Kg7 26. Qd2 h6 27.
e5 1-0

[Event "11. Europa ch 2010 Femenino"]
[Site "Rijeka CRO"]
[Date "2010.03.16"]
[Round "10.63"]
[White "Paulet, Iosefina"]
[Black "Trofimova, Antonina"]
[Result "0-1"]
[WhiteElo "2303"]
[BlackElo "2182"]
[PlyCount "92"]
[EventDate "2010.03.06"]
[EventType "swiss"]
[EventRounds "11"]
[EventCountry "CRO"]
[Source "lmi"]
[SourceDate "2010.03.06"]

1. e4 c5 2. Nf3 e6 3. d4 cxd4 4. Nxd4 a6 5. Nc3 Qc7 6. Bd3 Nc6 7. Nb3 Nf6 8.
Qe2 Be7 9. f4 d6 10. Bd2 b6 11. a3 Bb7 12. O-O O-O 13. Rae1 Nd7 14. Kh1 Rfe8
15. Qh5 g6 16. Qh3 Bf6 17. Nd1 Nd4 18. Nxd4 Bxd4 19. f5 Qd8 20. fxg6 fxg6 21.
Rf7 Kxf7 22. Qxh7+ Bg7 23. Rf1+ Qf6 24. Rxf6+ Nxf6 25. Qh4 Rh8 26. Qf2 Rad8 27.
Bg5 Rhf8 28. Qxb6 Rd7 29. Ne3 Nxe4 30. Bxe4 Bxe4 31. Qxa6 Kg8 32. Qc4 d5 33.
Qc6 Rdf7 34. Qxe6 Kh7 35. Qh3+ Kg8 36. Qe6 Kh7 37. h4 Rf2 38. c4 Re2 39. cxd5
Bxg2+ 40. Kg1 Bd4 41. Qe7+ Kg8 42. d6 Bxe3+ 43. Bxe3 Rf1+ 44. Kh2 Bc6+ 45. Kh3
Rf3+ 46. Kg4 Rg2# 0-1

[Event "11. Europa ch 2010 Femenino"]
[Site "Rijeka CRO"]
[Date "2010.03.16"]
[Round "10.64"]
[White "Pertlova, Sona"]
[Black "Sandu, Mihaela"]
[Result "0-1"]
[WhiteElo "2262"]
[BlackElo "2278"]
[PlyCount "52"]
[EventDate "2010.03.06"]
[EventType "swiss"]
[EventRounds "11"]
[EventCountry "CRO"]
[Source "lmi"]
[SourceDate "2010.03.06"]

1. d4 Nf6 2. c4 c5 3. d5 e6 4. Nc3 exd5 5. cxd5 d6 6. Nf3 g6 7. h3 Bg7 8. e4
O-O 9. Bd3 Re8 10. O-O c4 11. Bc2 b5 12. Nxb5 Nxe4 13. Re1 a6 14. Nbd4 Nf6 15.
Bg5 Rxe1+ 16. Qxe1 Bb7 17. Qb4 Bxd5 18. Re1 Nc6 19. Nxc6 Bxc6 20. Qxc4 Bxf3 21.
gxf3 Qa5 22. Re7 Qxg5+ 23. Kh1 Rf8 24. Bb3 d5 25. Qxa6 Qf5 26. Kg2 Nh5 0-1

[Event "11. Europa ch 2010 Femenino"]
[Site "Rijeka CRO"]
[Date "2010.03.16"]
[Round "10.65"]
[White "Baciu, Diana"]
[Black "Drljevic, Ljilja"]
[Result "0-1"]
[WhiteElo "2146"]
[BlackElo "2248"]
[PlyCount "128"]
[EventDate "2010.03.06"]
[EventType "swiss"]
[EventRounds "11"]
[EventCountry "CRO"]
[Source "lmi"]
[SourceDate "2010.03.06"]

1. e4 c6 2. d4 Na6 3. Nc3 Nc7 4. h3 g6 5. g3 h5 6. Bg2 d6 7. Nge2 Bg7 8. Be3
Bd7 9. Qd2 b5 10. a3 Qc8 11. Nc1 Ne6 12. O-O c5 13. N1e2 Rb8 14. Kh2 Nh6 15.
Rad1 f5 16. dxc5 Nxc5 17. Nf4 Kf7 18. Ncd5 Bf8 19. Nc3 h4 20. gxh4 e5 21. Bxc5
Qxc5 22. Nd3 Qd4 23. Ne2 Qb6 24. Nxe5+ dxe5 25. Qxd7+ Be7 26. exf5 gxf5 27.
Bd5+ Kf8 28. h5 Rd8 29. Qc6 Qb8 30. Kh1 Rd6 31. Qc3 Rf6 32. f4 Nf7 33. fxe5
Nxe5 34. Nf4 Ke8 35. Rde1 Nd7 36. Ng6 Rh7 37. Nxe7 Rxe7 38. Rxe7+ Kxe7 39. Re1+
Kf8 40. Qb4+ Qd6 41. Qxb5 Kg7 42. Bf3 Kh6 43. Qe2 Qg3 44. Bg2 f4 45. Rf1 Nc5
46. Qe5 Qg5 47. Qe7 Ne6 48. Be4 Qg7 49. Qxg7+ Nxg7 50. Bg6 Ne6 51. Kg2 Kg5 52.
c3 Kh4 53. Kf2 Ng5 54. Rh1 Rd6 55. Ke2 f3+ 56. Ke1 Re6+ 57. Kf1 Rb6 58. Bf5 Rb5
59. Bg4 Rxb2 60. Rg1 f2 61. Rg2 Ne4 62. Bd1 Ng3+ 63. Rxg3 Kxg3 64. h6 Rb1 0-1

[Event "11. Europa ch 2010 Femenino"]
[Site "Rijeka CRO"]
[Date "2010.03.16"]
[Round "10.66"]
[White "Cherednichenko, Elena"]
[Black "Isgandarova, Khayala"]
[Result "1/2-1/2"]
[WhiteElo "2100"]
[BlackElo "2224"]
[PlyCount "120"]
[EventDate "2010.03.06"]
[EventType "swiss"]
[EventRounds "11"]
[EventCountry "CRO"]
[Source "lmi"]
[SourceDate "2010.03.06"]

1. d4 Nf6 2. Nf3 g6 3. Bf4 Bg7 4. e3 d5 5. Be2 c5 6. c3 Nc6 7. Nbd2 Nd7 8. O-O
O-O 9. Qb3 cxd4 10. exd4 Qa5 11. Rfe1 Nf6 12. Ne5 h6 13. Qb5 Qxb5 14. Bxb5 Nxe5
15. Bxe5 Bf5 16. f3 a6 17. Ba4 h5 18. Bf4 e6 19. Nf1 b5 20. Bb3 Nd7 21. Bd6
Rfc8 22. Ne3 a5 23. a3 Ra6 24. Bf4 Rca8 25. Ra2 b4 26. Nxf5 gxf5 27. axb4 axb4
28. Rea1 Rxa2 29. Rxa2 Rxa2 30. Bxa2 Nb6 31. Bb3 Nc4 32. Bxc4 dxc4 33. cxb4
Bxd4+ 34. Kf1 e5 35. Bc1 Kf8 36. Ke2 Ke8 37. Kd2 Kd7 38. Kc2 Kc6 39. Bd2 f6 40.
Bc3 Bb6 41. b3 Kb5 42. Be1 Bd4 43. bxc4+ Kxc4 44. h3 f4 45. Bh4 f5 46. Be7 e4
47. Kd2 Bc3+ 48. Ke2 Bxb4 49. Bg5 Bd6 50. Bf6 Kd5 51. Bc3 Be7 52. Bd2 Bg5 53.
Bc3 Ke6 54. Bd2 e3 55. Bc3 Bh4 56. Bd4 Bf6 57. Bb6 Bc3 58. Bc7 Be5 59. Ba5 Kf6
60. Bd8+ Kg6 1/2-1/2

[Event "11. Europa ch 2010 Femenino"]
[Site "Rijeka CRO"]
[Date "2010.03.16"]
[Round "10.67"]
[White "Nikolova, Adriana"]
[Black "Kharatyan, Anahit"]
[Result "1-0"]
[WhiteElo "2348"]
[BlackElo "2117"]
[PlyCount "43"]
[EventDate "2010.03.06"]
[EventType "swiss"]
[EventRounds "11"]
[EventCountry "CRO"]
[Source "lmi"]
[SourceDate "2010.03.06"]

1. e4 c5 2. Nf3 d6 3. d4 cxd4 4. Nxd4 Nf6 5. Nc3 g6 6. f3 Bg7 7. Be3 O-O 8. Bc4
Nc6 9. Qd2 Bd7 10. Bb3 a6 11. h4 h5 12. O-O-O Nxd4 13. Bxd4 b5 14. g4 hxg4 15.
h5 gxh5 16. Bxf6 exf6 17. Rxh5 f5 18. Nd5 Be6 19. Rdh1 f4 20. Rh8+ Bxh8 21. Qh2
Bxb2+ 22. Kxb2 1-0

[Event "11. Europa ch 2010 Femenino"]
[Site "Rijeka CRO"]
[Date "2010.03.16"]
[Round "10.68"]
[White "Borsuk, Angela"]
[Black "Efroimski, Marsel"]
[Result "1-0"]
[WhiteElo "2338"]
[BlackElo "2178"]
[PlyCount "46"]
[EventDate "2010.03.06"]
[EventType "swiss"]
[EventRounds "11"]
[EventCountry "CRO"]
[Source "lmi"]
[SourceDate "2010.03.06"]

1. d4 Nf6 2. c4 g6 3. Nc3 d5 4. Nf3 Bg7 5. Bg5 dxc4 6. Qa4+ Nbd7 7. e4 c5 8.
dxc5 O-O 9. Qxc4 Qc7 10. Be2 Qxc5 11. Qxc5 Nxc5 12. e5 Nfd7 13. Bxe7 Re8 14.
Nd5 Ne6 15. Bb5 a6 16. Bxd7 Bxd7 17. Nb6 Ra7 18. Bd6 Bc6 19. O-O a5 20. Rad1
Nf4 21. Rfe1 Ra6 22. Nc4 b5 23. Na3 g5 1-0

[Event "11. Europa ch 2010 Femenino"]
[Site "Rijeka CRO"]
[Date "2010.03.16"]
[Round "10.70"]
[White "Brunello, Marina"]
[Black "Brunello, Roberta"]
[Result "1-0"]
[WhiteElo "2217"]
[BlackElo "2043"]
[PlyCount "71"]
[EventDate "2010.03.06"]
[EventType "swiss"]
[EventRounds "11"]
[EventCountry "CRO"]
[Source "lmi"]
[SourceDate "2010.03.06"]

1. e4 e5 2. Nf3 Nc6 3. d4 exd4 4. Nxd4 Bc5 5. Be3 Bb6 6. g3 d6 7. Bg2 Nf6 8.
Nxc6 bxc6 9. Bxb6 cxb6 10. c4 O-O 11. O-O Bb7 12. Nc3 Qe7 13. Qc2 Rad8 14. Rae1
Ne8 15. Kh1 Nc7 16. f4 Ne6 17. Qf2 Rfe8 18. Re2 Qf6 19. e5 dxe5 20. Ne4 Qh6 21.
fxe5 Re7 22. Nd6 Qh5 23. Nxb7 Rxb7 24. Bxc6 Re7 25. Bf3 Qg5 26. Bd5 b5 27. b3
bxc4 28. bxc4 Qh5 29. Rd2 Qxe5 30. Bxe6 Rxd2 31. Bxf7+ Kf8 32. Qxd2 Rxf7 33.
Qd8+ Qe8 34. Rxf7+ Kxf7 35. Qxe8+ Kxe8 36. Kg2 1-0

[Event "11. Europa ch 2010 Femenino"]
[Site "Rijeka CRO"]
[Date "2010.03.16"]
[Round "10.71"]
[White "Van Weersel, Arlette"]
[Black "De Seroux, Camille"]
[Result "1-0"]
[WhiteElo "2197"]
[BlackElo "2019"]
[PlyCount "73"]
[EventDate "2010.03.06"]
[EventType "swiss"]
[EventRounds "11"]
[EventCountry "CRO"]
[Source "lmi"]
[SourceDate "2010.03.06"]

1. e4 c5 2. Nf3 d6 3. d4 cxd4 4. Nxd4 Nf6 5. Nc3 g6 6. Be3 Bg7 7. f3 O-O 8. Qd2
Nc6 9. Bc4 Bd7 10. O-O-O Qa5 11. Kb1 Rfc8 12. Bb3 Ne5 13. Bg5 Nc4 14. Bxc4 Rxc4
15. Nb3 Qe5 16. Rhe1 Rxc3 17. bxc3 Be6 18. a4 Bc4 19. Be3 Rc8 20. Bd4 Qe6 21.
Kb2 b5 22. a5 Qd7 23. g4 Qc7 24. h4 e5 25. Be3 d5 26. g5 Nd7 27. Rc1 Bf8 28.
exd5 Qb7 29. a6 Qb8 30. d6 Rc6 31. h5 Bxd6 32. hxg6 fxg6 33. Rh1 Nf8 34. Rh4 b4
35. Rxc4 bxc3+ 36. Qxc3 Rxa6 37. Bc5 1-0

[Event "11. Europa ch 2010 Femenino"]
[Site "Rijeka CRO"]
[Date "2010.03.16"]
[Round "10.72"]
[White "Makka, Ioulia"]
[Black "Yusuphanova, Saida"]
[Result "1-0"]
[WhiteElo "2180"]
[BlackElo "1843"]
[PlyCount "111"]
[EventDate "2010.03.06"]
[EventType "swiss"]
[EventRounds "11"]
[EventCountry "CRO"]
[Source "lmi"]
[SourceDate "2010.03.06"]

1. e4 c5 2. Nf3 Nc6 3. Bb5 g6 4. Bxc6 bxc6 5. O-O Bg7 6. Re1 e5 7. c3 Ne7 8.
Na3 O-O 9. d4 cxd4 10. cxd4 exd4 11. Nxd4 a5 12. Bg5 h6 13. Be3 Ba6 14. Qd2 Kh7
15. Nb3 d5 16. Bc5 Re8 17. exd5 cxd5 18. Nxa5 Nf5 19. Nb3 Qf6 20. Rab1 Red8 21.
Nc1 Qc6 22. Bb4 d4 23. Nd3 Nh4 24. Nf4 Bb7 25. f3 Rd7 26. Qf2 Nf5 27. Nd3 Rd5
28. Rbc1 Qf6 29. Rc5 Ne3 30. Rxd5 Bxd5 31. b3 Bb7 32. Nc4 Nxc4 33. bxc4 Qc6 34.
Qc2 Ba6 35. c5 Bxd3 36. Qxd3 Rxa2 37. Qc4 Ra7 38. Qd3 Rb7 39. Ba3 Qa4 40. Bc1
Qb4 41. Qe4 Rc7 42. Bf4 Ra7 43. c6 Qc3 44. Rc1 Ra1 45. Rxa1 Qxa1+ 46. Kf2 Qc3
47. c7 d3 48. Qd5 Bd4+ 49. Kg3 d2 50. Qxf7+ Bg7 51. Bxd2 Qxd2 52. c8=Q Qg5+ 53.
Qg4 Qe5+ 54. Kh3 Qd6 55. Qge6 Qd3 56. Qg8# 1-0

[Event "11. Europa ch 2010 Femenino"]
[Site "Rijeka CRO"]
[Date "2010.03.16"]
[Round "10.73"]
[White "Kanceljak, Dalia"]
[Black "Semenova, Elena"]
[Result "0-1"]
[WhiteElo "1939"]
[BlackElo "2195"]
[PlyCount "48"]
[EventDate "2010.03.06"]
[EventType "swiss"]
[EventRounds "11"]
[EventCountry "CRO"]
[Source "lmi"]
[SourceDate "2010.03.06"]

1. e4 e5 2. Nf3 Nc6 3. Bb5 f5 4. d3 fxe4 5. dxe4 Nf6 6. O-O Bc5 7. Bg5 d6 8.
Nc3 O-O 9. Bc4+ Kh8 10. a3 Nd4 11. Nxd4 Bxd4 12. Nd5 Be6 13. c3 Bxd5 14. Bxd5
c6 15. cxd4 cxd5 16. exd5 e4 17. Qb3 Qa5 18. Bxf6 Rxf6 19. Qxb7 Raf8 20. b4 Qa4
21. Rac1 Qxa3 22. Rc8 e3 23. Rxf8+ Rxf8 24. f3 e2 0-1

[Event "11. Europa ch 2010 Femenino"]
[Site "Rijeka CRO"]
[Date "2010.03.16"]
[Round "10.74"]
[White "Coimbra, Margarida"]
[Black "Tomulic, Vesna"]
[Result "1/2-1/2"]
[WhiteElo "2123"]
[BlackElo "1930"]
[PlyCount "50"]
[EventDate "2010.03.06"]
[EventType "swiss"]
[EventRounds "11"]
[EventCountry "CRO"]
[Source "lmi"]
[SourceDate "2010.03.06"]

1. e4 c5 2. c3 d5 3. exd5 Qxd5 4. d4 Nc6 5. Nf3 cxd4 6. cxd4 e5 7. Nc3 Bb4 8.
Bd2 Bxc3 9. Bxc3 e4 10. Ne5 Nxe5 11. dxe5 Ne7 12. Qxd5 Nxd5 13. Bb5+ Bd7 14.
Bxd7+ Kxd7 15. O-O-O Ke6 16. Rhe1 Rac8 17. Rxe4 Nxc3 18. bxc3 Rxc3+ 19. Kb2
Rhc8 20. Rd6+ Kf5 21. Re2 a5 22. e6 a4 23. a3 fxe6 24. Rdxe6 Rb3+ 25. Ka2 Rc2+
1/2-1/2

[Event "11. Europa ch 2010 Femenino"]
[Site "Rijeka CRO"]
[Date "2010.03.16"]
[Round "10.75"]
[White "Tonel, Giulia"]
[Black "Racki, Barbara"]
[Result "1/2-1/2"]
[WhiteElo "2023"]
[BlackElo "1698"]
[PlyCount "77"]
[EventDate "2010.03.06"]
[EventType "swiss"]
[EventRounds "11"]
[EventCountry "CRO"]
[Source "lmi"]
[SourceDate "2010.03.06"]

1. e4 e5 2. f4 d6 3. Nf3 Nc6 4. Bb5 Bd7 5. O-O Nge7 6. fxe5 Nxe5 7. Bxd7+ Qxd7
8. d4 N5g6 9. Nc3 h6 10. a4 O-O-O 11. Be3 d5 12. Bf2 Nf4 13. Bg3 g5 14. Ne5 Qe6
15. Bxf4 gxf4 16. Rxf4 f6 17. Qg4 Qxg4 18. Nxg4 dxe4 19. Nxf6 Rxd4 20. Nb5 Rd2
21. Nxa7+ Kb8 22. Nb5 Ng6 23. Rxe4 Bc5+ 24. Kh1 Rhd8 25. h3 c6 26. Nc3 Rxc2 27.
Rae1 Rxb2 28. Re8 Rxe8 29. Rxe8+ Kc7 30. Nce4 Ba7 31. Rg8 Nh4 32. Rg7+ Kb8 33.
Nd6 Bd4 34. Rg8+ Ka7 35. Nd7 Bf2 36. Ne4 Be3 37. Nd6 Bf2 38. Ne4 Be3 39. Nd6
1/2-1/2

[Event "11. Europa ch 2010 Femenino"]
[Site "Rijeka CRO"]
[Date "2010.03.16"]
[Round "10.76"]
[White "Kukic, Lora"]
[Black "Samanic, Verena"]
[Result "1-0"]
[WhiteElo "1723"]
[BlackElo "1607"]
[PlyCount "165"]
[EventDate "2010.03.06"]
[EventType "swiss"]
[EventRounds "11"]
[EventCountry "CRO"]
[Source "lmi"]
[SourceDate "2010.03.06"]

1. d4 d5 2. c4 e6 3. Nc3 Nf6 4. Bg5 Be7 5. e3 b6 6. Nf3 Bb7 7. Rc1 Nbd7 8. cxd5
Nxd5 9. Nxd5 Bxd5 10. Bxe7 Kxe7 11. Bd3 Re8 12. e4 Bb7 13. b4 Kf8 14. O-O a5
15. b5 Rc8 16. Qa4 Kg8 17. Rfe1 Nf8 18. Ne5 Ng6 19. Nc6 Qg5 20. Bf1 Nh4 21. Rc3
Bxc6 22. bxc6 Rcd8 23. g3 Ng6 24. Ree3 Rd6 25. Bg2 Rdd8 26. f4 Qf6 27. Rcd3 Nf8
28. Qc4 Qe7 29. e5 Qb4 30. Qxb4 axb4 31. Kf2 Ra8 32. Re2 Ra4 33. Rb2 Rea8 34.
Rdd2 Rd8 35. Be4 b3 36. Ke3 bxa2 37. Rxa2 Rda8 38. Rxa4 Rxa4 39. d5 exd5 40.
Bxd5 Ra3+ 41. Ke4 g6 42. g4 Ra4+ 43. Kf3 Kg7 44. f5 Ra3+ 45. Kf2 Ra4 46. h3 Ra3
47. Bf3 Ra8 48. Rd5 Re8 49. Be2 Ra8 50. Rd3 Re8 51. Re3 Kg8 52. Bc4 Kg7 53. Kf3
g5 54. Ke4 h6 55. Ra3 Rc8 56. Bd5 Rb8 57. Ra7 Rc8 58. Bc4 Nh7 59. e6 Nf6+ 60.
Ke5 b5 61. Bxb5 Rb8 62. Rb7 Rd8 63. Bc4 Rd1 64. Rxc7 Re1+ 65. Kd4 Rd1+ 66. Ke3
Ne8 67. Rxf7+ Kg8 68. Rd7 Re1+ 69. Kd2 Re5 70. e7+ Kg7 71. Kd3 Rc5 72. Rd8 Nf6
73. e8=Q Nxe8 74. Rxe8 Rxc6 75. Rg8+ Kh7 76. Rd8 Rb6 77. Rd7+ Kh8 78. Kd4 Rb1
79. Ke5 Rc1 80. Be6 Rc8 81. Kf6 Rf8+ 82. Kg6 Rb8 83. Rh7# 1-0

[Event "11. Europa ch 2010 Femenino"]
[Site "Rijeka CRO"]
[Date "2010.03.17"]
[Round "11.5"]
[White "Kosintseva, Tatiana"]
[Black "Savina, Anastasia"]
[Result "1-0"]
[WhiteElo "2524"]
[BlackElo "2391"]
[PlyCount "75"]
[EventDate "2010.03.06"]
[EventType "swiss"]
[EventRounds "11"]
[EventCountry "CRO"]
[Source "lmi"]
[SourceDate "2010.03.06"]

1. e4 c5 2. Nf3 Nc6 3. Bb5 d6 4. O-O Bd7 5. Re1 Nf6 6. c3 a6 7. Bf1 Bg4 8. h3
Bh5 9. d4 cxd4 10. cxd4 Bxf3 11. gxf3 g6 12. d5 Nb8 13. Qb3 Qc7 14. Be3 Nbd7
15. Nd2 Bg7 16. Rac1 Qb8 17. Nc4 O-O 18. Na5 Nh5 19. Qxb7 Qxb7 20. Nxb7 Rfb8
21. Rc7 Ne5 22. Kg2 Bf8 23. b3 a5 24. Bb5 g5 25. Bxg5 Ra7 26. Bc6 Ng7 27. Be3
Nxc6 28. dxc6 Ra6 29. Rc1 Ne6 30. Rd7 Rc8 31. c7 f6 32. Nd8 Ng7 33. Nc6 Kf7 34.
Na7 Rxa7 35. Bxa7 Ne6 36. Bb6 Bh6 37. Rc2 Ke8 38. Rd8+ 1-0